Die 286 berühmtesten Filmregisseure - Statistiken

Allgemein
  • Dieses Quiz wurde 31 mal gespielt
  • Das Durchschnittsergebnis liegt bei 41 aus 286
Antwortstatistiken
Bsp. Film(e) | Serie(n) 🚩 Regisseur/-in % Korrekt
🔸Schindlers Liste🔸Der Soldat James Ryan 🇺🇸 Steven Spielberg
82%
🔸Mr. & Mrs. Smith🔸Psycho 🇬🇧 Alfred Hitchcock
68%
🔸Tiger & Dragon🔸Brokeback Mountain 🇺🇸🇹🇼 Ang Lee
68%
🔸A Beautiful Mind🔸Solo: A Star Wars Story 🇺🇸 Ron Howard
68%
🔸Arthur & die Minimoys🔸Dogman 🇫🇷 Luc Besson
64%
🔸Departed - Unter Feinden🔸Shutter Island 🇺🇸 Martin Scorsese
64%
🔸Titanic🔸Avatar - Aufbruch nach Pandora 🍁 James Cameron
57%
🔸Spartacus🔸Full Metal Jacket 🇺🇸 Stanley Kubrick
54%
🔸Erbarmungslos🔸Million Dollar Baby 🇺🇸 Clint Eastwood
50%
🔸Der Pate 2🔸Bram Stoker's Dracula 🇺🇸 Francis Ford Coppola
50%
🔸Krieg der Sterne - Reihe🔸American Graffiti 🇺🇸 George Lucas
50%
🔸Pulp Fiction🔸Django Unchained 🇺🇸 Quentin Tarantino
50%
🔸Das Appartement🔸Das verlorene Wochenende 🇦🇹🇺🇸 Billy Wilder
46%
🔸Batman Begins🔸Oppenheimer 🇬🇧🇺🇸 Christopher Nolan
46%
🔸Dune - Der Wüstenplanet🔸Twin Peaks - Der Film 🇺🇸 David Lynch
46%
🔸Lost in Translation🔸Priscilla 🇺🇸 Sofia Coppola
46%
🔸Lichter der Vorstadt🔸Fallende Blätter 🇫🇮 Aki Kaurismäki
43%
🔸Alien 3🔸Fight Club 🇺🇸 David Fincher
43%
🔸Der Stadtneurotiker🔸Coup de chance 🇺🇸 Woody Allen
43%
🔸Die 7 Samurai🔸Zwischen Himmel & Hölle 🇯🇵 Akira Kurosawa
39%
🔸 Wunderbares Leben🔸Der große Diktator 🇬🇧 Charlie Chaplin
39%
🔸Der mit dem Wolf tanzt🔸Waterworld 🇺🇸 Kevin Costner
39%
🔸Der Herr der Ringe - Reihe🔸King Kong 🇳🇿 Peter Jackson
39%
🔸Alien: Covenant🔸Königreich der Himmel 🇬🇧 Ridley Scott
39%
🔸Der Pianist🔸Die 9 Pforten 🇵🇱🇫🇷 Roman Polanski
39%
🔸Die Jungfrauenquelle🔸Wie in einem Spiegel 🇸🇪 Ingmar Bergman
36%
🔸No Country for Old Men🔸True Grit 🇺🇸 Joel Corn | Ethan Coen
36%
🔸Die schreckliche Wahrheit🔸Der Weg zum Glück 🇺🇸 Leo McCarey
36%
🔸Braveheart🔸Hacksaw Ridge - Die Entscheidung 🇮🇪🇺🇸 Mel Gibson
36%
🔸Fallen - Engelsnacht🔸The Lucky One - Für immer der Deind 🇦🇺 Scott Hicks
36%
🔸2 glorreiche Halunken🔸Spiel mir das Lied vom Tod 🇮🇹 Sergio Leone
36%
🔸Malcolm X🔸25 Stunden 🇺🇸 Spike Lee
36%
🔸Sweeney Todd🔸Alice im Wunderland 🇺🇸 Tim Burton
36%
🔸Der Staatsfeind Nr. 1🔸Top Gun 🇬🇧 Tony Scott
36%
🔸Bittersüße Liebe🔸Geld macht nicht glücklich 🇺🇸 David Miller
32%
🔸Amarcord🔸8 1/2 🇮🇹 Federico Fellini
32%
🔸Mad Max - Reihe🔸Die Hexen von Eastwick 🇦🇺 George Miller
32%
🔸Einer flog übers Kuckucksnest🔸Amadeus 🇨🇿 Milos Forman
32%
🔸Forrest Gump🔸Pinocchio 🇺🇸 Robert Zemeckis
32%
🔸Der letzte Kaiser🔸Little Buddha 🇮🇹 Bernardo Bertolucci
29%
🔸Shape of Water - Das Flüstern des Wassers 🇲🇽 Guillermo del Toro
29%
🔸Der Verräter🔸Früchte des Zorns 🇺🇸 John Ford
29%
🔸Mission Impossible II🔸Manhunt 🇨🇳 John Woo
29%
🔸Bowling for Columbine🔸Fahrenheit 11/9 🇺🇸 Michael Moore
29%
🔸Alle über mein Mutter🔸Strange Way of Life 🇪🇸 Pedro Almodovar
29%
🔸Gandhi🔸Closing the Ring 🇬🇧 Richard Attenborough
29%
🔸Das Leben ist schön🔸Der Tiger & der Schnee 🇮🇹 Roberto Benigni
29%
🔸American Beauty🔸James Bond - Skyfall 🇬🇧 Sam Mendes
29%
🔸Das Leben des David Gale🔸Evita 🇬🇧 Alan Parker
25%
🔸Todestanz eines Killers🔸El Cid 🇺🇸 Anthony Mann
25%
🔸Happy Accidents🔸Blood 🇺🇸 Brad Anderson
25%
🔸Mission: Impossible🔸The Black Dhalia 🇺🇸 Brian De Palma
25%
🔸Die Fliege🔸Crimes of the Future 🍁 David Cronenberg
25%
🔸Marty🔸Im Westen nichts neues 🇺🇸 Delbert Mann
25%
🔸Das Schweigen der Lämmer🔸Philadelphia 🇺🇸 Jonathan Demme
25%
🔸Spider-Man: Homecoming🔸Venom: Let There Be Carnage 🇺🇸 Jon Watts
25%
🔸Nymphomaniac🔸Dogville 🇩🇰 Lars von Trier
25%
🔸Der diskrete Charme der Bourgeoisie🔸Viridiana 🇪🇸 Luis Bunuel
25%
🔸Ali🔸Public Enemies 🇺🇸 Michael Mann
25%
🔸Platoon🔸Geboren am 4. Juli 🇺🇸 Oliver Stone
25%
🔸Last Exit Reno🔸Licorice Pizza 🇺🇸 Paul Thomas Anderson
25%
🔸Die 120 Tage von Sodom🔸Medea 🇮🇹 Pier Paolo Pasolini
25%
🔸The Wiz - Das zauberhafte Land🔸Tödliche Entscheidung 🇺🇸 Sidney Lumet
25%
🔸Traffic - Die Macht des Kartells🔸Ocean's Eleven 🇺🇸 Steve Soderbergh
25%
🔸Birdman🔸The Revenant - Der Rückkehrer 🇲🇽 Alejandro Gonzales Inarritu
21%
🔸Gattaca🔸Anon 🇳🇿 Andrew Niccol
21%
🔸Slumdog Millionär🔸28 Days Later 🇬🇧 Danny Boyle
21%
🔸Die Brücke am Kwai🔸Lawrence von Arabien 🇬🇧 David Lean
21%
🔸Verhext🔸Der Löwe zeigt die Krallen 🇺🇸 Don Siegel
21%
🔸Die linke Hand Gottes🔸Blaubart 🇺🇸 Edward Dmytryk
21%
🔸Tabu der Gerechten🔸Die Faust im Nacken 🇺🇸 Elia Kazan
21%
🔸Lady Bird🔸Barbie 🇺🇸 Greta Gerwig
21%
🔸Der Hausbesitzer🔸8 Millionen Wege zu Sterben 🇺🇸 Hal Ashby
21%
🔸El Dorado🔸Rio Lobo 🇺🇸 Howard Hawks
21%
🔸Der Schatz der Sierra Madre🔸Moby Dick 🇮🇪🇺🇸 John M. Huston
21%
🔸Schuld & Sühne🔸Der blaue Engel 🇦🇹🇺🇸 Josef von Sternberg
21%
🔸Pearl Harbor🔸Transformers 🇺🇸 Michael Bay
21%
🔸Casablanca🔸Doktor X 🇭🇺 Michael Curtiz
21%
🔸Stern des Südens🔸F wie Fälschung 🇺🇸 Orson Welles
21%
🔸Iwan der Schreckliche🔸Erdbeben in Oaxaca 🇷🇺 Sergej Eisenstein
21%
🔸Hügel der blutigen Augen🔸Nightmare on Elm Street 🇺🇸 Wes Craven
21%
🔸X-Men - Reihe🔸Bohemian Rhapsody 🇺🇸 Bryan Singer
18%
🔸Black Swan🔸The Whale 🇺🇸 Darren Aronofsky
18%
🔸Mr. Deeds geht in die Stadt🔸Lebenskünstler 🇮🇹🇺🇸 Frank Capra
18%
🔸The Green Mile🔸The Walking Dead 🇫🇷🇺🇸 Frank Darabont
18%
🔸Good Will Hunting🔸The Sea of Trees 🇺🇸 Gus Van Sant
18%
🔸Mein Onkel🔸Die Ferien des Monsieur Hulot 🇫🇷 Jacques Tati
18%
🔸Sesamstraße🔸Die Muppet - Show 🇺🇸 Jim Henson
18%
🔸The Fog - Nebel des Grauens🔸Das Dorf der Verdammten 🇺🇸 John Carpenter
18%
🔸Parasite🔸Mickey 17 🇰🇷 Joon - ho Bong
18%
🔸The Sixth Sense🔸Signs - Zeichen 🇺🇸 M. Night Shyamalan
18%
🔸RoboCop🔸Total Recall - Die totale Erinnerung 🇳🇱 Paul Verhoeven
18%
🔸Der Club der toten Dichter🔸Die Truman - Show 🇦🇺 Peter Weir
18%
🔸Star Wars - Die letzten Jedi🔸Knives Out - Mord ist Familiensache 🇺🇸 Rian Johnson
18%
🔸Eine ganz normale Familie🔸Der Pferdeflüsterer 🇺🇸 Robert Redford
18%
🔸Desperado🔸From Dusk Till Dawn 🇺🇸 Robert Rodriguez
18%
🔸Don't Look Up🔸Vice - Der 2. Mann 🇺🇸 Adam McKay
14%
🔸Der englische Patient🔸Der talentierte Mr. Ripley 🇬🇧 Anthony Minghella
14%
🔸Stars at Noon 🔸High Life 🇫🇷 Claire Denis
14%
🔸Die 7 Todsünden🔸Kommissar Bellamy 🇫🇷 Claude Chabrol
14%
🔸Easy Rider🔸Chasers - Zu sexy für den Knast 🇺🇸 Denis Hopper
14%
🔸Vom Winde verweht🔸My Fair Lady 🇺🇸 George Cukor
14%
🔸Aladdin🔸Sherlock Holmes 🇬🇧 Guy Ritchie
14%
🔸Zeit der Zärtlichkeit🔸Spanglish 🇺🇸 James L. Brooks
14%
🔸Der kleine Soldat🔸Alphaville 🇨🇭🇫🇷 Jean - Luc Godard
14%
🔸Salomon & die Königin von Saba🔸Mit stahlharter Faust 🇺🇸 King Vidor
14%
🔸3 Farben - Reihe🔸Die 2 Leben der Veronika 🇵🇱 Krzyzstof Kieslowski
14%
🔸Italienisch für Anfänger🔸The Riot Club 🇩🇰 Lone Scherfig
14%
🔸Spaceballs🔸Das Leben stinkt 🇺🇸 Mel Brooks
14%
🔸The Green Hornet🔸Vergiss mein nicht! 🇫🇷 Michel Gondry
14%
🔸The King's Speech🔸Cats 🇬🇧🇦🇺 Tom Hooper
14%
🔸Ben Hur🔸Die besten Jahre unseres Lebens 🇩🇪🇺🇸 William Wyler
14%
🔸Leise flehen meine Lieder🔸Die Sünderin 🇦🇹 Willi Forst
14%
🔸Augenblicke: Gesichter einer Reise🔸101 Nacht 🇧🇪🇫🇷 Agnés Varda
11%
🔸Avengers: Endgame 🔸Carpoolers 🇺🇸 Anthony Russo | Joe Russo
11%
🔸Tag der Rache🔸Gertrud 🇩🇰 Carl Theodor Dreyer
11%
🔸Die größte Schau der Welt🔸Die 10 Gebote 🇺🇸 Cecil B. DeMille
11%
🔸Eine schamlose Frau🔸Schiff ohne Heimat 🇺🇸 Clarence Brown
11%
🔸Solange es Menschen gibt🔸In den Wind geschrieben 🇩🇪🇺🇸 Douglas Sirk
11%
🔸I am Legend🔸Die Tribute von Panem - Catching Fire 🇺🇸 Francis Lawrence
11%
🔸Die amerikanische Nacht🔸Das grüne Zimmer 🇫🇷 Francois Truffaut
11%
🔸Hawaii🔸Der Clou 🇺🇸 George Roy Hill
11%
🔸Schnee am Kilimandscharo🔸Zärtlich ist die Nacht 🇺🇸 Henry King
11%
🔸The Power of the Dog🔸Top of the Lake 🇳🇿 Jane Campion
11%
🔸Alien - Die Wiedergeburt🔸Die fabelhafte Welt der Amélie 🇫🇷 Jean - Pierre Jeunet
11%
🔸Der eiskalte Engel🔸Armee im Schatten 🇫🇷 Jean - Pierre Melville
11%
🔸Der Korporal in der Schlinge🔸Das Frühstück im Grünen 🇫🇷 Jean Renoir
11%
🔸Mission Impossible III🔸Star Wars: Der Aufstieg Skywalkers 🇺🇸 J. J. Abrams
11%
🔸Exorzist II - Der Ketzer🔸Queen & Country 🇬🇧 John Boorman
11%
🔸Rocky🔸8 Seconds - Tödlicher Ehrgeiz 🇺🇸 John G. Avildsen
11%
🔸Asphalt Cowboy🔸Ein Freund zum Verlieben 🇬🇧 John Schlesinger
11%
🔸Verschollen im Weltraum🔸Die glorreichen 7 🇺🇸 John Sturges
11%
🔸Tödliches Kommando - The Hurt Locker🔸Gefährliche Brandung 🇺🇸 Kathryn Bigelow
11%
🔸Henry V.🔸Tod auf dem Nil 🇮🇪 Kenneth Branagh
11%
🔸Bailey - Ein Freund fürs Leben🔸Der Nussknacker & die 4 Reiche 🇸🇪 Lasse Hallström
11%
🔸Schlachtenbummler🔸Im Westen nichts neues 🇺🇸 Lewis Milestone
11%
🔸Die Unschuld🔸Gewalt & Leidenschaft 🇮🇹 Luchino Visconti
11%
🔸Die Reifeprüfung🔸Die Waffen der Frauen 🇺🇸 Mike Nichols
11%
🔸Wonder Woman🔸Monster 🇺🇸 Patty Jenkins
11%
🔸Stromboli🔸Die Geschichte der Apostel 🇮🇹 Roberto Rossellini
11%
🔸Heartbeat🔸Seine Frau ist meine Frau 🇺🇸 Sam Wood
11%
🔸Jenseits von Afrika🔸Tootsie 🇺🇸 Sydney Pollack
11%
🔸Der schmale Grad🔸Ein verborgenes Leben 🇺🇸 Terrence Malick
11%
🔸Die Ritter der Kokosnuß🔸12 Monkeys 🇺🇸🇬🇧 Terry Gilliam
11%
🔸Gigi🔸Die 4 apokalyptischen Reiter 🇺🇸 Vincente Minnelli
11%
🔸Last Man Standing🔸Dead for a Dollar 🇺🇸 Walter Hill
11%
🔸Beethovens große Liebe🔸Austerlitz - Glanz einer Kaiserkrone 🇫🇷 Abel Gance
7%
🔸Die Unbestechlichen🔸Vertrauter Feind 🇺🇸 Alan J. Pakula
7%
🔸Nostalghia🔸Opfer 🇷🇺 Andrei Tarkowski
7%
🔸Der weite Weg der Hoffnung🔸By the Sea 🇺🇸 Angelina Jolie
7%
🔸Duell am Missouri🔸Target - Zielscheibe 🇺🇸 Arthur Penn
7%
🔸William Shakespeares Romeo & Julia🔸Elvis 🇦🇺 Baz Luhrmann
7%
🔸Der Killer von Alabama🔸Damals im Sommer 🇺🇸 Buster Keaton
7%
🔸In 80 Tagen um die Welt🔸Todesgrüße aus Havanna 🇺🇸 Buzz Kulik
7%
🔸 Die kleinen Detektive🔸Ein Fisch names Wanda 🇬🇧 Charles Chrichton
7%
🔸Vergiss mein nicht!🔸Anomalisa 🇺🇸 Charlie Kaufman
7%
🔸Everything Everywhere All at Once🔸The Death of Dick Long 🇺🇸 Daniel Scheinert
7%
🔸Bohemian Rhapsody🔸Rocketman 🇺🇸 Dexter Fletcher
7%
🔸Sissi - Reihe🔸Der veruntreute Himmel 🇦🇹 Ernst Marischka
7%
🔸City of God🔸7 Gefangene 🇧🇷 Fernando Meirelles
7%
🔸Poor Things🔸The Favorite - Intrigen & Irrsinn 🇬🇧 Giorgos Lanthimos
7%
🔸Aquaman🔸Saw I 🇦🇺 James Wan
7%
🔸Das Blut eines Dichters🔸Das Testament von Orpheus 🇫🇷 Jean Cocteau
7%
🔸Year of the Horse🔸The Dead Don't Die 🇺🇸 Jim Jarmusch
7%
🔸Die dunkelste Stunde🔸Stolz & Vorurteil 🇬🇧 Joe Wright
7%
🔸Hairspray🔸Cry - Baby 🇺🇸 John Waters
7%
🔸Sturm über Texas🔸Von Rache getrieben 🇺🇸 Joseph H. Lewis
7%
🔸Tron - Legacy🔸Oblivion 🇺🇸 Joseph Kosinski
7%
🔸Buffy - Im Bann der Dämonen🔸Avengers: Age of Ultron 🇺🇸 Joss Whedon
7%
🔸Lawinenexpress🔸Zwischen Frauen & Seilen 🍁 Mark Robson
7%
🔸Den Letzten beißen die Hunde🔸The Sunchaser 🇺🇸 Michael Cimino
7%
🔸Chronik einer Liebe 🔸Jenseits der Wolken 🇮🇹 Michelangelo Antonioni
7%
🔸Der Mann mit der eisernen Maske🔸Harry Potter & der Feuerkelch 🇬🇧 Mike Newell
7%
🔸König der Könige🔸55 Tage in Peking 🇺🇸 Nicholas Ray
7%
🔸Beim Leben meiner Schwester🔸God is a Bullet 🇺🇸 Nick Cassavetes
7%
🔸Porgy & Bess🔸Der menschliche Faktor 🇦🇹🇺🇸 Otto Preminger
7%
🔸 Die Maske🔸Broadway Therapy 🇺🇸 Peter Bogdanovich
7%
🔸Die Körperfresser kommen🔸Hemingway & Gellhorn 🇺🇸 Philip Kaufman
7%
🔸Superman🔸Lethal Weapon 1-4 🇺🇸 Richard Donner
7%
🔸Countdown: Start zum Mond🔸The Company - Das Ensemble 🇺🇸 Robert Altman
7%
🔸West Side Story🔸Meine Lieder - Meine Träume 🇺🇸 Robert Wise
7%
🔸Die Ritter der Kokosnuß🔸Das Leben des Brian 🇬🇧 Terry Jones
7%
🔸Hangover - Reihe🔸Joker 🇺🇸 Todd Phillips
7%
🔸Vom Winde verweht🔸Der Zauberer von Oz 🇺🇸 Victor Fleming
7%
🔸Fahrraddiebe🔸Gestern, heute & morgen 🇮🇹 Vittorio De Sica
7%
🔸The French Connection - Brennpunkt Brooklyn 🇺🇸 William Friedkin
7%
🔸Green Border🔸Charlatan 🇵🇱 Agnieszka Holland
4%
🔸Origin🔸Das Zeiträtsel 🇺🇸 Ava DuVernay
4%
🔸Rain Man🔸The Survivor 🇺🇸 Barry Levinson
4%
🔸Pelle, der Eroberer🔸Per im Glück 🇩🇰 Bille August
4%
🔸Unternehmen Petticoat🔸Frühstück bei Tiffany 🇺🇸 Blake Edwards
4%
🔸Ich, Don Giovanni🔸Fados 🇪🇸 Carlos Saura
4%
🔸Oliver🔸Ein liebenswerter Schatten 🇬🇧 Carol Reed
4%
🔸Jeanne Dielmann🔸Die Gefangenen 🇧🇪 Chantal Akerman
4%
🔸Nomadland🔸Eternals 🇨🇳 Chloé Zhao
4%
🔸Der Gymnasiast🔸Zimmer 212 - In einer magischen Nacht 🇫🇷 Christophe Honoré
4%
🔸Mission Impossible - Fallout🔸Jack Reacher 🇦🇺🇺🇸 Christopher McQuarrie
4%
🔸Am wilden Fluss🔸Mavericks - Lebe deinen Traum 🇺🇸 Curtis Hanson
4%
🔸John Wick🔸Deadpool 2 🇺🇸 David Leitch
4%
🔸The White Rose🔸Sally vom Jahrmarkt 🇺🇸 David Ward Griffith
4%
🔸Menschen in Rom🔸Macaroni 🇮🇹 Ettore Scola
4%
🔸Im 7. Himmel - Das Glück in der Mansarde 🇺🇸 Frank Borzage
4%
🔸Patton - Rebell in Uniform🔸Der Fluch der Sphinx 🇺🇸 Franklin J. Schaffner
4%
🔸Verdammt in alle Ewigkeit🔸Ein Mann zu jeder Jahreszeit 🇦🇹🇺🇸 Fred Zinnemann
4%
🔸Vortex🔸Climax 🇦🇷 Gaspar Noé
4%
🔸Ein Platz an der Sonne🔸Giganten 🇺🇸 George Stevens
4%
🔸Meine brilliante Karriere🔸Tödliche Magie 🇦🇺 Gillian Armstrong
4%
🔸Alles für die Liebe🔸Seine Gefangenen 🇫🇷 Henri - Georges Clouzot
4%
🔸James Bond - Sag niemals nie🔸RoboCop 2 🇺🇸 Irvin Kershner
4%
🔸Die Nonne🔸An der Nordbrücke 🇫🇷 Jacques Rivette
4%
🔸Sehnsucht nach Afrika🔸Der letzte Wolf 🇫🇷 Jean - Jacques Annaud
4%
🔸Grand Prix🔸Wild Christmas 🇺🇸 John Frankenheimer
4%
🔸American Werewolf🔸Der Prinz aus Zamunda 🇺🇸 John Landis
4%
🔸Atemlos - Gefährliche Wahrheit🔸2 Fast 2 Furious 🇺🇸 John Singleton
4%
🔸Ein Brief an 3 Frauen🔸Alles über Eva 🇺🇸 Joseph L. Mankiewicz
4%
🔸Eine Frau wie ein Fisch🔸 Don Giovanni 🇺🇸 Joseph Losey
4%
🔸Die Straße der Schande🔸Das Leben der Frau Oharu 🇯🇵 Kenji Mizoguchi
4%
🔸Onkel Wanja🔸Hamlet 🇬🇧 Laurence Olivier
4%
🔸Light & Magic🔸Heißblütig - Kaltblütig 🇺🇸 Lawrence Kasdan
4%
🔸Pola X🔸Holy Motors 🇫🇷 Leos Carax
4%
🔸Lolita des Südens🔸Diese vitale Wut 🇮🇹 Lina Wertmüller
4%
🔸Six Shooter🔸Psychos 🇮🇪 Martin McDonagh
4%
🔸James Bond 007 - Die Welt ist nicht genug🔸Die Chroniken von Narnia 🇬🇧 Michael Apted
4%
🔸Der 13. Krieger🔸Pursuit 🇺🇸 Michael Chrichton
4%
🔸Schlaflos in Seattle🔸Verliebt in eine Hexe 🇺🇸 Nora Ephron
4%
🔸Lebenswut🔸Wasp Network 🇫🇷 Olivier Assayas
4%
🔸Ida🔸Cold War - Der Breitengrad der Liebe 🇵🇱 Pawel Pawlikowski
4%
🔸Verrückt nach Mary🔸Dumm & Dümmer 🇺🇸 Peter Farrelly
4%
🔸The Falls🔸Eisenstein in Guanajuato 🇬🇧 Peter Greenaway
4%
🔸Paris schläft🔸Alles Gold dieser Welt 🇫🇷 René Clair
4%
🔸Die Mauern von Malapaga🔸Verbotene Spiele 🇫🇷 René Clément
4%
🔸Big Leaguer🔸Kesse Bienen auf der Matte K8 🇺🇸 Robert Aldrich
4%
🔸Das Attentat🔸Schock & Awe 🇺🇸 Rob Reiner
4%
🔸Sie nannten ihn Gringo🔸Donner über dem indischen Ozean 🇺🇸 Roy Rowland
4%
🔸Triangle of Sadness🔸The Square 🇸🇪 Ruben Östlund
4%
🔸Der kleine Prinz🔸Singin' in the Rain 🇺🇸 Stanley Donen
4%
🔸In einer besseren Welt🔸Bird Box 🇩🇰 Susanne Bier
4%
🔸Dracula🔸Iron Man 🇺🇸 Tod Browning
4%
🔸Ein Herbstnachmittag🔸Sommerblüten 🇯🇵 Yasujiro Ozu
4%
🔸Schwingen der Angst🔸Pucket 🍁 Arthur Hiller
0%
🔸Haus der Sünde🔸Zombi Child 🇫🇷 Bertrand Bonello
0%
🔸The Silence🔸Black Widow 🇦🇺 Cate Shortland
0%
🔸Der alte Mann & das Kind🔸Der kleine Haustyrann 🇫🇷 Claude Berri
0%
🔸Ein Mann & eine Frau🔸Die schönsten Jahre eines Lebens 🇫🇷 Claude Lelouch
0%
🔸Harsh Times - Leben am Limit🔸The Beekeeper 🇺🇸 David Ayer
0%
🔸The Arrival - Die Ankunft🔸Riddick 🇺🇸 David Twohy
0%
🔸Auf ewig & 3 Tage🔸Blaue Nächte 🇬🇧 Edmund Goulding
0%
🔸Pitch Perfect 2🔸3 Engel für Charlie 🇺🇸 Elizabeth Banks
0%
🔸Peter von Kant🔸Alles ist gut gegangen 🇫🇷 Francois Ozon
0%
🔸Die ungekrönte Königin🔸Kavalkade 🇬🇧🇺🇸 Frank Lloyd
0%
🔸Two White Arms🔸Diamond Cut Diamond 🇺🇸 Fred Niblo
0%
🔸Pretty Woman🔸Plötzlich Prinzessin 🇺🇸 Garry Marshall
0%
🔸X-Men Origins - Wolverine🔸Eye in the Sky 🇿🇦 Gavin Hood
0%
🔸Hundstage🔸Josefine, das liebestolle Kätzchen 🇭🇺 Géza von Cziffra
0%
🔸Rock n' Roll🔸Asterix & Obelix im Reich der Mitte 🇫🇷 Guillaume Canet
0%
🔸Die Gaylords🔸Roter Staub 🇬🇧🇺🇸 Irving Rapper
0%
🔸Tarzans Vergeltung🔸Das Rätsel von Zimmer 309 🇺🇸 Jack Conway
0%
🔸Der kleine Lord🔸The Return of the Native 🇬🇧 Jack Gold
0%
🔸 Wenn Männer fallen🔸Wo in Paris die Sonne aufgeht 🇫🇷 Jacques Audiard
0%
🔸Little Odessa🔸Zeiten des Umbruchs 🇺🇸 James Gray
0%
🔸Mein Mann Picasso🔸The City of the Final Destination 🇺🇸 James Ivory
0%
🔸 Morgen & alle Tage🔸Gefangen im ewigen Eis 🇺🇸 John Berry
0%
🔸Der kleine Lord🔸The Scavengers 🇺🇸 John Cromwell
0%
🔸Anatomie eines Falls🔸Sibyl - Therapie zwecklos 🇫🇷 Justine Triet
0%
🔸Greta🔸Marlowe 🇮🇪 Neil Jordan
0%
🔸The Mother🔸Mulan 🇳🇿 Niki Caro
0%
🔸Kicking & Screaming🔸Weißes Rauschen 🇺🇸 Noah Baumbach
0%
🔸The Statement🔸Abendessen mit Freunden 🍁 Norman Jewison
0%
🔸Skippy🔸Teufelskerle 🇺🇸 Norman Taurog
0%
🔸 Das Fleisch der Orchidee🔸Ruhelos 🇫🇷 Patrice Chéreau
0%
🔸Coast to Coast🔸Der Sturm 🇺🇸 Paul Mazursky
0%
🔸Unterwegs mit Jungs🔸Rendezvous mit einem Engel 🇺🇸 Penny Marshall
0%
🔸Spiel ohne Regeln🔸Die nackte Kanone 33 1/3 🇺🇸 Peter Segal
0%
🔸Duell der Gringos🔸Rivalen unter heißer Sonne 🇺🇸 Richard Thorpe
0%
🔸Kramer gegen Kramer🔸Zauber der Liebe 🇺🇸 Robert Benton
0%
🔸Der junge Karl Marx🔸Das Haus am Meer 🇫🇷 Robert Guédiguian
0%
🔸Die Geisha🔸Fluch der Karibik 4 - Fremde Gezeiten 🇺🇸 Rob Marshall
0%
🔸Die Aussprache🔸An ihrer Seite 🍁 Sarah Polley
0%
🔸Elizabeth - Das goldene Königreich🔸Mr. India 🇮🇳 Shekhar Kapur
0%
🔸Wo die wilden Kerle wohnen🔸Beastie Boys Story 🇺🇸 Spike Jonze
0%
🔸Der Vorleser🔸The Crown 🇬🇧 Stephen Daldry
0%
🔸Fish & Chips🔸The Lost King 🇬🇧 Stephen Frears
0%
🔸When I was a Boy🔸Little Children 🇺🇸 Todd Field
0%
🔸Tom Jones - Zwischen Bett & Galgen🔸Dead or Alive 🇬🇧 Tony Richardson
0%
🔸 Reds🔸Regeln spielen keine Rolle 🇺🇸 Warren Beatty
0%
🔸Von Panzern überrollt🔸Kesselschlacht 🇺🇸 William A. Wellman
0%
Keine übereinstimmenden Quizze gefunden
Verteilung der Resultate
Anzahl Personen mit jedem Resultat
Perzentil nach korrekt beantworteten Fragen
Ihre Resultats-Entwicklung
Sie haben dieses Quiz noch nicht gespielt